000 00577nam a2200181Ia 4500
008 100917s9999 xx 000 0 und d
082 _b27372
100 _aबोरकर लक्ष्मीदास
245 _aखुलता कळी खुलेना
260 _bयुवराज प्रकाशन
_c1975
300 _a196
365 _b12
520 _aकादंबरी
630 _aखुलता कळी खुलेना
650 _aकादंबरी
730 _aखुलता कळी खुलेना
942 _cBOOK
999 _c632766
_d632763